La Tenencia de la tierra en el valle de Machachi a finales del siglo XVII

में बचाया:
ग्रंथसूची विवरण
मुख्य लेखक: Borchart de Moreno, Christiana
स्वरूप: मूलपाठ
प्रकाशित: Quito: s.e.
टैग: टैग जोड़ें
कोई टैग नहीं, इस रिकॉर्ड को टैग करने वाले पहले व्यक्ति बनें!

MARC

LEADER 00000 a a2200000 04500
001 24417
003
040
090 |a 175100  
100 |a Borchart de Moreno, Christiana  
245 |a La Tenencia de la tierra en el valle de Machachi a finales del siglo XVII  
260 |a Quito:   |b s.e.  
300 |a pp. 143-167  
999 |c 11485  |d 11485